00778nam a2200157 u 450000100100000000500170001000800410002704000250006808200150009311001040010824501040021226002260031630000200054249000280056283000300059000002320820200930022047.0101130s1974 wau r 000 0 spa d aDO-SdBNPbspacBNPHU aXXXbS446e1 aSecretaría GeneralbOrganización de los Estados AmericanoscWashington, D.C. 20006fMarzo 1974.10aEstudio sobre la legislación turística de Panamá /cOrganización de los Estados Americanos. aWashington, D.C. :bDivisión de Fomento Turístico ;bDepartamento de Desarrollo Social y Institucional ;bSecretaría Ejecutiva para Asuntos Económicos y Sociales ;bOrganización de los Estados Americanos,c1974. a81 p. ;c28 cm.1 aInformes y estudiosv10 0aInformes y estudios ;v10